| 000 | 00356nam a2200133Ia 4500 | ||
|---|---|---|---|
| 008 | 220216s9999 xx 000 0 und d | ||
| 100 | _aHamilton R A | ||
| 245 | 4 | _aThe manuring of centrosema pubescens | |
| 260 |
_bJournal of the Rubber Research Institute of Malaya _c1941 |
||
| 300 | _a25-43 | ||
| 650 | _aManuring | ||
| 700 | _aPillay K S | ||
| 942 | _cJS | ||
| 999 |
_c70839 _d70839 |
||